Regioni delle nazioni #1 - Statistics

Statistiche generali
  • Questo quiz è stato fatto 65 volte
  • Il punteggio medio è 16 su 20
Statistiche sulle risposte
REGIONE NAZIONE % Corretto
Baviera Germania
100%
Toscana Italia
100%
Ohio Usa
100%
Andalusia Spagna
98%
Bretagna Francia
97%
Amazzonia Brasile
95%
Hokkaido Giappone
95%
Ticino Svizzera
90%
Tasmania Australia
86%
Cornovaglia Regno Unito/Inghilterra
86%
Manciuria Cina
80%
Kamchatka Russia
80%
Svalbard Norvegia
78%
Tobago Trinidad/Tobago
78%
Yucatan Messico
75%
Terranova Canada
73%
Sumatra Indonesia
73%
Vallonia Belgio
66%
Nuovo Galles del Sud Australia
56%
Fezzan Libia
32%
Nessun quiz corrispondente trovato
Distribuzione punteggi
Percentuale di utenti per punteggio
Percentile per numero di risposta
I tuoi punteggi nel tempo
Non hai fatto questo quiz